| 000 | 00550nam a22001817a 4500 | ||
|---|---|---|---|
| 005 | 20240315113039.0 | ||
| 010 | _aENG-139713 | ||
| 020 |
_a9788123417411 _c190.00 |
||
| 035 | _aEN-123245 | ||
| 037 | _bDBAD/PUB | ||
| 082 | _a363.325 | ||
| 100 |
_aGnaniah .D _963391 |
||
| 245 |
_aTerrorism; _bSources and Solution/ _cD.Gnaniah |
||
| 260 |
_aChennai _bNew Century book house (P) Ltd. _c2010 |
||
| 270 |
_bChennai _aAmbattur, Chennai _e600098 _mncbhbook@yahoo.co.in |
||
| 300 |
_a367p. _c21cm(pbk) |
||
| 942 |
_2ddc _cEN _mDgn _h363.325 |
||
| 999 |
_c201510 _d201510 |
||